[Event "ODJM B 2023"]
[Site "Willingen GER"]
[Date "2023.06.02"]
[Round "8"]
[White "Müller, Sophie Charlotte"]
[Black "Fettig, Michel"]
[Result "0-1"]
[Termination "normal"]
[Board "29"]
[WhiteElo "1442"]
[BlackElo "1457"]
[WhiteClock "00:05:08"]
[BlackClock "00:40:31"]
[PlyCount "82"]
[WhiteFideId "16246683"]
[BlackFideId "34608982"]
[EventCountry "GER"]
[EventRounds "9"]
[EventType "swiss"]
[EventDate "2023.05.27"]

1. e4 {[%clk 01:30:58]} {[%emt 00:00:01]} e6 {[%clk 01:30:48]} {[%emt
00:00:12]} 2. d4 {[%clk 01:29:49]} {[%emt 00:01:40]} d5 {[%clk 01:30:36]}
{[%emt 00:00:42]} 3. exd5 {[%clk 01:29:47]} {[%emt 00:00:31]} exd5 {[%clk
01:30:38]} {[%emt 00:00:27]} 4. Nf3 {[%clk 01:29:45]} {[%emt 00:00:34]} Bd6
{[%clk 01:30:03]} {[%emt 00:01:05]} 5. Bd3 {[%clk 01:29:35]} {[%emt 00:00:40]}
c6 {[%clk 01:26:00]} {[%emt 00:04:32]} 6. O-O {[%clk 01:29:16]} {[%emt
00:00:50]} Ne7 {[%clk 01:25:51]} {[%emt 00:00:39]} 7. Bg5 {[%clk 01:27:14]}
{[%emt 00:02:32]} O-O {[%clk 01:23:41]} {[%emt 00:02:40]} 8. Nc3 {[%clk
00:57:25]} {[%emt 00:30:20]} Bg4 {[%clk 01:19:19]} {[%emt 00:04:51]} 9. h3
{[%clk 00:52:41]} {[%emt 00:05:14]} Bh5 {[%clk 01:17:01]} {[%emt 00:02:47]} 10.
Be3 {[%clk 00:48:18]} {[%emt 00:04:53]} Qb6 {[%clk 01:11:20]} {[%emt 00:06:11]}
11. Rb1 {[%clk 00:44:38]} {[%emt 00:04:10]} Nd7 {[%clk 01:07:08]} {[%emt
00:04:40]} 12. Be2 {[%clk 00:24:53]} {[%emt 00:20:18]} Nf5 {[%clk 01:05:31]}
{[%emt 00:02:05]} 13. Qd2 {[%clk 00:20:51]} {[%emt 00:04:33]} Rfe8 {[%clk
01:04:36]} {[%emt 00:01:25]} 14. Ne5 {[%clk 00:19:01]} {[%emt 00:02:21]} Bxe5
{[%clk 01:02:46]} {[%emt 00:02:19]} 15. dxe5 {[%clk 00:16:28]} {[%emt
00:03:03]} Nxe3 {[%clk 01:02:24]} {[%emt 00:00:52]} 16. Bxh5 {[%clk 00:15:05]}
{[%emt 00:01:54]} Nxf1 {[%clk 01:02:29]} {[%emt 00:00:25]} 17. Kxf1 {[%clk
00:14:32]} {[%emt 00:01:03]} Rxe5 {[%clk 01:01:19]} {[%emt 00:01:38]} 18. Bf3
{[%clk 00:14:09]} {[%emt 00:00:53]} Rae8 {[%clk 01:00:10]} {[%emt 00:01:40]}
19. b4 {[%clk 00:13:02]} {[%emt 00:01:38]} a6 {[%clk 00:58:04]} {[%emt
00:02:36]} 20. a3 {[%clk 00:13:19]} {[%emt 00:00:12]} Qc7 {[%clk 00:58:01]}
{[%emt 00:00:33]} 21. Rd1 {[%clk 00:12:57]} {[%emt 00:00:52]} Nb6 {[%clk
00:58:09]} {[%emt 00:00:23]} 22. Be2 {[%clk 00:12:24]} {[%emt 00:01:02]} R5e6
{[%clk 00:52:39]} {[%emt 00:06:00]} 23. Kg1 {[%clk 00:12:16]} {[%emt 00:00:39]}
Qe7 {[%clk 00:49:54]} {[%emt 00:03:15]} 24. Bf1 {[%clk 00:10:12]} {[%emt
00:02:34]} Re1 {[%clk 00:49:44]} {[%emt 00:00:39]} 25. g3 {[%clk 00:08:28]}
{[%emt 00:02:14]} Rxd1 {[%clk 00:49:43]} {[%emt 00:00:31]} 26. Qxd1 {[%clk
00:08:30]} {[%emt 00:00:29]} Qe1 {[%clk 00:50:01]} {[%emt 00:00:11]} 27. Qd3
{[%clk 00:07:03]} {[%emt 00:01:54]} Nc4 {[%clk 00:48:41]} {[%emt 00:01:53]} 28.
Kg2 {[%clk 00:05:18]} {[%emt 00:02:16]} Qd2 {[%clk 00:48:08]} {[%emt 00:00:59]}
29. Qxd2 {[%clk 00:04:56]} {[%emt 00:00:55]} Nxd2 {[%clk 00:48:29]} {[%emt
00:00:10]} 30. Bd3 {[%clk 00:05:07]} {[%emt 00:00:19]} d4 {[%clk 00:47:09]}
{[%emt 00:01:50]} 31. Na4 {[%clk 00:05:14]} {[%emt 00:00:23]} Ne4 {[%clk
00:46:48]} {[%emt 00:00:50]} 32. Bxe4 {[%clk 00:05:19]} {[%emt 00:00:26]} Rxe4
{[%clk 00:47:09]} {[%emt 00:00:08]} 33. Kf3 {[%clk 00:05:45]} {[%emt 00:00:05]}
Re7 {[%clk 00:47:26]} {[%emt 00:00:13]} 34. h4 {[%clk 00:05:48]} {[%emt
00:00:26]} h5 {[%clk 00:47:13]} {[%emt 00:00:43]} 35. Nb6 {[%clk 00:05:48]}
{[%emt 00:00:32]} f5 {[%clk 00:45:45]} {[%emt 00:01:58]} 36. Nc4 {[%clk
00:05:50]} {[%emt 00:00:27]} Re6 {[%clk 00:45:01]} {[%emt 00:01:13]} 37. a4
{[%clk 00:05:52]} {[%emt 00:00:29]} b5 {[%clk 00:44:32]} {[%emt 00:00:59]} 38.
axb5 {[%clk 00:06:17]} {[%emt 00:00:05]} cxb5 {[%clk 00:43:19]} {[%emt
00:01:42]} 39. Nd2 {[%clk 00:06:28]} {[%emt 00:00:18]} Rc6 {[%clk 00:41:35]}
{[%emt 00:02:15]} 40. Nb3 {[%clk 00:06:11]} {[%emt 00:00:48]} Rc4 {[%clk
00:41:21]} {[%emt 00:00:43]} 41. Kf4 {[%clk 00:05:08]} {[%emt 00:01:33]} d3+
{[%clk 00:40:31]} {[%emt 00:01:20]} 0-1

[Event "ODJM B 2023"]
[Site "Willingen GER"]
[Date "2023.06.02"]
[Round "8"]
[White "Christen, Jan"]
[Black "Frydel, Marcel"]
[Result "1/2-1/2"]
[Termination "normal"]
[Board "30"]
[WhiteElo "1598"]
[BlackElo "1346"]
[WhiteClock "00:09:34"]
[BlackClock "00:19:34"]
[PlyCount "68"]
[WhiteFideId "34643320"]
[BlackFideId "16245733"]
[EventCountry "GER"]
[EventRounds "9"]
[EventType "swiss"]
[EventDate "2023.05.27"]

1. d4 {[%clk 01:30:57]} {[%emt 00:00:03]} d5 {[%clk 01:30:56]} {[%emt
00:00:04]} 2. c4 {[%clk 01:31:21]} {[%emt 00:00:06]} Bf5 {[%clk 01:31:25]}
{[%emt 00:00:02]} 3. Qb3 {[%clk 01:30:47]} {[%emt 00:01:04]} e5 {[%clk
01:26:28]} {[%emt 00:05:27]} 4. cxd5 {[%clk 01:31:02]} {[%emt 00:00:14]} exd4
{[%clk 01:20:37]} {[%emt 00:06:22]} 5. Nf3 {[%clk 01:31:23]} {[%emt 00:00:09]}
Bc5 {[%clk 00:59:42]} {[%emt 00:21:24]} 6. Nxd4 {[%clk 01:31:44]} {[%emt
00:00:09]} Bxd4 {[%clk 00:59:03]} {[%emt 00:01:09]} 7. Qa4+ {[%clk 01:32:07]}
{[%emt 00:00:07]} c6 {[%emt 00:04:41]} 8. Qxd4 {[%clk 01:31:51]} {[%emt
00:00:42]} f6 {[%clk 00:50:02]} {[%emt 00:05:25]} 9. e4 {[%clk 01:18:37]}
{[%emt 00:13:43]} Bg6 {[%clk 00:49:39]} {[%emt 00:00:54]} 10. Bd2 {[%clk
01:07:49]} {[%emt 00:11:18]} cxd5 {[%clk 00:48:12]} {[%emt 00:01:57]} 11. Bb5+
{[%clk 01:07:12]} {[%emt 00:01:06]} Nc6 {[%clk 00:46:22]} {[%emt 00:02:21]} 12.
exd5 {[%clk 01:06:26]} {[%emt 00:01:16]} Nge7 {[%clk 00:44:44]} {[%emt
00:02:08]} 13. Bxc6+ {[%clk 00:44:18]} {[%emt 00:22:37]} Nxc6 {[%clk 00:43:21]}
{[%emt 00:01:54]} 14. Qe3+ {[%clk 00:44:33]} {[%emt 00:00:13]} Ne7 {[%clk
00:43:09]} {[%emt 00:00:42]} 15. Bb4 {[%clk 00:44:42]} {[%emt 00:00:21]} Kf8
{[%clk 00:32:44]} {[%emt 00:10:56]} 16. O-O {[%clk 00:42:17]} {[%emt 00:02:54]}
Qd7 {[%clk 00:32:05]} {[%emt 00:01:10]} 17. Re1 {[%emt 00:04:43]} Re8 {[%clk
00:31:44]} 18. Nc3 {[%clk 00:32:43]} {[%emt 00:06:41]} Kf7 {[%clk 00:29:54]}
{[%emt 00:02:20]} 19. Qe6+ {[%clk 00:29:56]} {[%emt 00:03:16]} Qxe6 {[%clk
00:30:11]} {[%emt 00:00:14]} 20. dxe6+ {[%clk 00:30:55]} {[%emt 00:00:01]} Kg8
{[%clk 00:30:25]} {[%emt 00:00:46]} 21. Rad1 {[%clk 00:30:53]} {[%emt
00:00:30]} Nc6 {[%clk 00:29:59]} {[%emt 00:00:58]} 22. Ba3 {[%clk 00:26:31]}
{[%emt 00:04:52]} Bf5 {[%clk 00:29:37]} {[%emt 00:00:52]} 23. Rd7 {[%clk
00:24:14]} {[%emt 00:02:47]} Nd8 {[%clk 00:26:37]} {[%emt 00:03:31]} 24. Red1
{[%clk 00:22:07]} {[%emt 00:02:35]} Nxe6 {[%emt 00:03:02]} 25. Rxb7 {[%clk
00:22:27]} {[%emt 00:00:02]} a6 {[%clk 00:23:19]} {[%emt 00:01:27]} 26. Kf1
{[%clk 00:19:43]} {[%emt 00:03:13]} Nf4 {[%clk 00:22:38]} {[%emt 00:01:11]} 27.
f3 {[%clk 00:12:24]} {[%emt 00:07:49]} h6 {[%clk 00:21:54]} {[%emt 00:01:15]}
28. g4 {[%clk 00:11:34]} {[%emt 00:01:17]} Bd3+ {[%clk 00:20:54]} {[%emt
00:01:32]} 29. Kf2 {[%clk 00:11:51]} {[%emt 00:00:13]} Kh7 {[%clk 00:20:41]}
{[%emt 00:00:43]} 30. Kg3 {[%clk 00:11:46]} {[%emt 00:00:35]} Ne2+ {[%clk
00:20:59]} {[%emt 00:00:11]} 31. Nxe2 {[%clk 00:12:12]} {[%emt 00:00:05]} Bxe2
{[%clk 00:21:21]} {[%emt 00:00:08]} 32. Rdd7 {[%clk 00:12:37]} {[%emt
00:00:06]} Rhg8 {[%clk 00:21:25]} {[%emt 00:00:25]} 33. Bb4 {[%clk 00:10:19]}
{[%emt 00:02:49]} Bb5 {[%clk 00:20:02]} {[%emt 00:01:52]} 34. Rdc7 {[%clk
00:09:34]} {[%emt 00:01:15]} Rb8 {[%clk 00:19:34]} {[%emt 00:00:59]} 1/2-1/2

[Event "ODJM B 2023"]
[Site "Willingen GER"]
[Date "2023.06.02"]
[Round "8"]
[White "Heitmann, Erik"]
[Black "Hoffmann, Sophia"]
[Result "1-0"]
[Termination "normal"]
[Board "31"]
[WhiteElo "1236"]
[BlackElo "1315"]
[WhiteClock "00:34:23"]
[BlackClock "00:00:34"]
[PlyCount "77"]
[WhiteFideId "34608940"]
[BlackFideId "16259130"]
[EventCountry "GER"]
[EventRounds "9"]
[EventType "swiss"]
[EventDate "2023.05.27"]

1. d4 {[%clk 01:30:57]} {[%emt 00:00:02]} d5 {[%clk 01:30:48]} {[%emt
00:00:12]} 2. c4 {[%emt 00:00:10]} e6 {[%clk 01:31:14]} {[%emt 00:00:02]} 3.
Nc3 {[%clk 01:31:40]} {[%emt 00:00:09]} Be7 {[%clk 01:31:34]} {[%emt 00:00:10]}
4. cxd5 {[%clk 01:31:45]} {[%emt 00:00:25]} exd5 {[%clk 01:31:25]} {[%emt
00:00:39]} 5. Bf4 {[%clk 01:30:35]} {[%emt 00:01:40]} Nf6 {[%clk 01:30:04]}
{[%emt 00:01:52]} 6. e3 {[%clk 01:30:49]} {[%emt 00:00:15]} c6 {[%clk
01:23:16]} {[%emt 00:07:19]} 7. Bd3 {[%clk 01:31:00]} {[%emt 00:00:19]} O-O
{[%clk 01:17:02]} {[%emt 00:06:43]} 8. Nge2 {[%clk 01:30:41]} {[%emt 00:00:50]}
Re8 {[%clk 01:14:55]} {[%emt 00:02:37]} 9. O-O {[%clk 01:30:17]} {[%emt
00:00:53]} Nbd7 {[%clk 01:09:19]} {[%emt 00:06:06]} 10. Rc1 {[%clk 01:29:11]}
{[%emt 00:01:37]} b6 {[%clk 01:05:23]} {[%emt 00:04:26]} 11. Nb5 {[%clk
01:27:45]} {[%emt 00:01:55]} Rf8 {[%clk 00:40:41]} {[%emt 00:25:12]} 12. Bc7
{[%emt 00:05:44]} Qe8 {[%clk 00:39:32]} {[%emt 00:01:36]} 13. Nd6 {[%clk
01:22:18]} {[%emt 00:00:47]} Bxd6 {[%clk 00:39:33]} {[%emt 00:00:28]} 14. Bxd6
{[%clk 01:22:46]} {[%emt 00:00:02]} Qe6 {[%clk 00:38:50]} {[%emt 00:01:14]} 15.
Bxf8 {[%clk 01:22:37]} {[%emt 00:00:39]} Nxf8 {[%clk 00:39:06]} {[%emt
00:00:14]} 16. Ng3 {[%clk 01:22:19]} {[%emt 00:00:48]} g6 {[%clk 00:34:24]}
{[%emt 00:05:12]} 17. Re1 {[%clk 01:21:09]} {[%emt 00:01:39]} h5 {[%clk
00:32:03]} {[%emt 00:02:52]} 18. Qc2 {[%clk 01:16:30]} {[%emt 00:05:09]} Bd7
{[%clk 00:27:44]} {[%emt 00:04:48]} 19. e4 {[%clk 01:15:36]} {[%emt 00:01:24]}
h4 {[%clk 00:23:34]} {[%emt 00:04:40]} 20. Nf1 {[%clk 01:11:58]} {[%emt
00:04:08]} Qg4 {[%clk 00:19:31]} {[%emt 00:04:33]} 21. f3 {[%clk 01:11:28]}
{[%emt 00:01:00]} Qg5 {[%clk 00:18:55]} {[%emt 00:01:06]} 22. Qd2 {[%clk
01:11:22]} {[%emt 00:00:36]} Qh5 {[%clk 00:18:41]} {[%emt 00:00:45]} 23. e5
{[%clk 01:08:54]} {[%emt 00:02:58]} N6h7 {[%clk 00:17:17]} {[%emt 00:01:53]}
24. f4 {[%clk 01:09:04]} {[%emt 00:00:20]} g5 {[%clk 00:15:31]} {[%emt
00:02:16]} 25. Be2 {[%clk 01:07:01]} {[%emt 00:02:34]} Qh6 {[%clk 00:14:48]}
{[%emt 00:01:11]} 26. Ne3 {[%clk 01:03:51]} {[%emt 00:03:41]} gxf4 {[%clk
00:14:08]} {[%emt 00:01:10]} 27. Ng4 {[%clk 01:03:58]} {[%emt 00:00:23]} Qg5
{[%clk 00:12:59]} {[%emt 00:01:38]} 28. h3 {[%clk 01:03:15]} {[%emt 00:01:14]}
Ne6 {[%clk 00:11:38]} {[%emt 00:01:51]} 29. Bf3 {[%clk 01:02:26]} {[%emt
00:01:19]} Rf8 {[%clk 00:11:16]} {[%emt 00:00:53]} 30. b4 {[%clk 01:00:20]}
{[%emt 00:02:35]} Qg6 {[%clk 00:08:46]} {[%emt 00:03:00]} 31. Rcd1 {[%clk
00:57:54]} {[%emt 00:02:56]} Nhg5 {[%clk 00:05:45]} {[%emt 00:03:30]} 32. Nf6+
{[%clk 00:55:55]} {[%emt 00:02:30]} Kh8 {[%clk 00:05:49]} {[%emt 00:00:27]} 33.
Bh5 {[%clk 00:55:45]} {[%emt 00:00:40]} Nxh3+ {[%clk 00:02:34]} {[%emt
00:03:44]} 34. Kh1 {[%clk 00:49:36]} {[%emt 00:06:39]} Qg3 {[%clk 00:00:52]}
{[%emt 00:02:13]} 35. gxh3 {[%clk 00:48:55]} {[%emt 00:01:10]} Ng5 {[%clk
00:00:39]} {[%emt 00:00:43]} 36. Rg1 {[%clk 00:41:32]} {[%emt 00:07:52]} Qxh3+
{[%clk 00:00:36]} {[%emt 00:00:35]} 37. Qh2 {[%clk 00:41:57]} {[%emt 00:00:04]}
Be6 {[%clk 00:00:32]} {[%emt 00:00:35]} 38. Rxg5 {[%clk 00:39:37]} {[%emt
00:02:49]} Qc3 {[%clk 00:00:34]} {[%emt 00:00:28]} 39. Rdg1 {[%clk 00:34:23]}
{[%emt 00:05:44]} 1-0

[Event "ODJM B 2023"]
[Site "Willingen GER"]
[Date "2023.06.02"]
[Round "8"]
[White "Hornstein, Leonhard Orell"]
[Black "Roth, Jonas"]
[Result "1-0"]
[Termination "normal"]
[Board "32"]
[WhiteElo "1476"]
[BlackElo "1529"]
[WhiteClock "01:09:32"]
[BlackClock "01:08:45"]
[PlyCount "67"]
[WhiteFideId "16254643"]
[BlackFideId "34623515"]
[EventCountry "GER"]
[EventRounds "9"]
[EventType "swiss"]
[EventDate "2023.05.27"]

1. d4 {[%clk 01:30:57]} {[%emt 00:00:03]} d6 {[%clk 01:30:54]} {[%emt
00:00:06]} 2. Nc3 {[%clk 01:31:25]} {[%emt 00:00:02]} Nd7 {[%clk 01:31:14]}
{[%emt 00:00:10]} 3. Bf4 {[%clk 01:31:47]} {[%emt 00:00:08]} e5 {[%clk
01:31:37]} {[%emt 00:00:07]} 4. dxe5 {[%clk 01:32:00]} {[%emt 00:00:17]} dxe5
{[%clk 01:32:02]} {[%emt 00:00:05]} 5. Bg3 {[%clk 01:32:24]} {[%emt 00:00:06]}
Ngf6 {[%clk 01:31:58]} {[%emt 00:00:33]} 6. Nd5 {[%clk 01:31:34]} {[%emt
00:01:20]} c6 {[%clk 01:31:27]} {[%emt 00:01:01]} 7. Nxf6+ {[%clk 01:31:42]}
{[%emt 00:00:23]} Qxf6 {[%clk 01:31:48]} {[%emt 00:00:08]} 8. e3 {[%clk
01:31:02]} {[%emt 00:01:10]} Bc5 {[%clk 01:31:08]} {[%emt 00:01:10]} 9. Nf3
{[%clk 01:29:43]} {[%emt 00:01:50]} O-O {[%clk 01:27:49]} {[%emt 00:03:49]} 10.
Be2 {[%clk 01:27:06]} {[%emt 00:03:07]} Rd8 {[%clk 01:25:41]} {[%emt 00:02:36]}
11. Bh4 {[%clk 01:26:49]} {[%emt 00:00:49]} Nf8 {[%clk 01:25:34]} {[%emt
00:00:37]} 12. Qxd8 {[%clk 01:26:26]} {[%emt 00:00:52]} Qxd8 {[%clk 01:25:08]}
{[%emt 00:00:56]} 13. Bxd8 {[%clk 01:26:47]} {[%emt 00:00:10]} f6 {[%clk
01:25:35]} {[%emt 00:00:02]} 14. Ba5 {[%clk 01:26:23]} {[%emt 00:00:55]} b6
{[%clk 01:25:34]} {[%emt 00:00:31]} 15. Bd2 {[%clk 01:26:10]} {[%emt 00:00:43]}
Bf5 {[%clk 01:25:58]} {[%emt 00:00:06]} 16. Bd3 {[%clk 01:23:48]} {[%emt
00:02:53]} Bg4 {[%clk 01:23:32]} {[%emt 00:02:54]} 17. h3 {[%clk 01:22:45]}
{[%emt 00:01:34]} Bh5 {[%clk 01:23:53]} {[%emt 00:00:09]} 18. g4 {[%clk
01:23:02]} {[%emt 00:00:13]} Bf7 {[%clk 01:24:05]} {[%emt 00:00:17]} 19. g5
{[%clk 01:22:50]} {[%emt 00:00:43]} Re8 {[%clk 01:23:38]} {[%emt 00:00:56]} 20.
e4 {[%clk 01:19:11]} {[%emt 00:04:09]} f5 {[%clk 01:23:48]} {[%emt 00:00:21]}
21. Bc3 {[%clk 01:16:36]} {[%emt 00:03:05]} Bh5 {[%clk 01:13:59]} {[%emt
00:10:18]} 22. Nxe5 {[%clk 01:13:17]} {[%emt 00:03:50]} fxe4 {[%clk 01:12:51]}
{[%emt 00:01:37]} 23. Bc4+ {[%clk 01:09:47]} {[%emt 00:04:00]} Kh8 {[%emt
00:05:07]} 24. Nf7+ {[%clk 01:09:28]} Bxf7 {[%clk 01:09:26]} {[%emt 00:00:08]}
25. Bxf7 {[%clk 01:09:55]} {[%emt 00:00:03]} Re7 {[%clk 01:09:51]} {[%emt
00:00:05]} 26. Bb3 {[%clk 01:09:16]} {[%emt 00:01:09]} Ng6 {[%clk 01:08:46]}
{[%emt 00:01:35]} 27. O-O-O {[%clk 01:09:06]} {[%emt 00:00:40]} h6 {[%clk
01:08:53]} {[%emt 00:00:23]} 28. gxh6 {[%clk 01:09:00]} {[%emt 00:00:36]} Ne5
{[%clk 01:08:54]} {[%emt 00:01:01]} 29. hxg7+ {[%clk 01:09:43]} {[%emt
00:00:15]} Kxg7 {[%clk 01:09:16]} {[%emt 00:00:08]} 30. Bxe5+ {[%clk 01:09:37]}
{[%emt 00:00:35]} Rxe5 {[%clk 01:09:38]} {[%emt 00:00:08]} 31. Rd7+ {[%clk
01:10:02]} {[%emt 00:00:06]} Kh6 {[%clk 01:09:05]} {[%emt 00:01:02]} 32. Rg1
{[%clk 01:10:01]} {[%emt 00:00:31]} Bxf2 {[%clk 01:08:45]} {[%emt 00:00:50]}
33. Rg2 {[%clk 01:09:33]} {[%emt 00:00:58]} e3 {[%clk 01:08:45]} {[%emt
00:00:30]} 34. Bg8 {[%clk 01:09:32]} {[%emt 00:00:32]} 1-0

[Event "ODJM B 2023"]
[Site "Willingen GER"]
[Date "2023.06.02"]
[Round "8"]
[White "Rose, Simeon"]
[Black "Moldovan, Tudor"]
[Result "1/2-1/2"]
[Termination "normal"]
[Board "33"]
[WhiteElo "1416"]
[BlackElo "1380"]
[WhiteClock "00:32:30"]
[BlackClock "00:48:04"]
[PlyCount "40"]
[WhiteFideId "34625062"]
[BlackFideId "16288203"]
[EventCountry "GER"]
[EventRounds "9"]
[EventType "swiss"]
[EventDate "2023.05.27"]

1. e4 {[%clk 01:30:58]} {[%emt 00:00:02]} g6 {[%clk 01:30:48]} {[%emt
00:00:13]} 2. d4 {[%clk 01:29:15]} {[%emt 00:02:13]} Bg7 {[%clk 01:31:03]}
{[%emt 00:00:14]} 3. Nf3 {[%clk 01:28:38]} {[%emt 00:01:07]} d6 {[%clk
01:30:46]} {[%emt 00:00:48]} 4. Bg5 {[%clk 01:25:05]} {[%emt 00:04:02]} Nd7
{[%clk 01:29:11]} {[%emt 00:02:04]} 5. Nc3 {[%clk 01:24:05]} {[%emt 00:01:30]}
a6 {[%clk 01:27:32]} {[%emt 00:02:10]} 6. Bc4 {[%clk 01:22:24]} {[%emt
00:02:09]} b5 {[%clk 01:26:19]} {[%emt 00:01:45]} 7. Bb3 {[%clk 01:18:15]}
{[%emt 00:04:39]} Bb7 {[%clk 01:24:48]} {[%emt 00:02:02]} 8. O-O {[%clk
01:15:45]} {[%emt 00:03:00]} c5 {[%clk 01:19:15]} {[%emt 00:06:01]} 9. Bd5
{[%clk 01:09:48]} {[%emt 00:06:27]} Bxd5 {[%clk 01:16:20]} {[%emt 00:03:26]}
10. Nxd5 {[%clk 01:09:36]} {[%emt 00:00:42]} Ngf6 {[%clk 01:14:32]} {[%emt
00:02:18]} 11. Nxf6+ {[%clk 01:06:08]} {[%emt 00:03:58]} Nxf6 {[%clk 01:12:55]}
{[%emt 00:02:06]} 12. e5 {[%clk 01:00:38]} {[%emt 00:06:01]} dxe5 {[%clk
01:06:24]} {[%emt 00:07:02]} 13. dxe5 {[%clk 01:00:40]} {[%emt 00:00:28]} Qxd1
{[%clk 01:06:15]} {[%emt 00:00:39]} 14. Raxd1 {[%clk 01:00:26]} {[%emt
00:00:43]} Ng4 {[%clk 01:04:00]} {[%emt 00:02:43]} 15. Rfe1 {[%clk 00:57:13]}
{[%emt 00:03:45]} e6 {[%clk 01:03:26]} {[%emt 00:01:04]} 16. h3 {[%clk
00:51:57]} {[%emt 00:05:46]} Nh6 {[%clk 01:03:32]} {[%emt 00:00:24]} 17. Rd6
{[%clk 00:44:00]} {[%emt 00:08:27]} O-O {[%clk 01:02:08]} {[%emt 00:01:53]} 18.
Be7 {[%clk 00:41:29]} {[%emt 00:03:02]} Rfe8 {[%clk 00:59:11]} {[%emt
00:03:09]} 19. Rd7 {[%clk 00:40:14]} {[%emt 00:02:02]} c4 {[%clk 00:56:14]}
{[%emt 00:03:28]} 20. g4 {[%clk 00:32:30]} {[%emt 00:08:14]} Bf8 {[%clk
00:48:04]} {[%emt 00:08:39]} 1/2-1/2

[Event "ODJM B 2023"]
[Site "Willingen GER"]
[Date "2023.06.02"]
[Round "8"]
[White "Reuter, Luca Marek"]
[Black "Mohebbi, Sam"]
[Result "1/2-1/2"]
[Termination "normal"]
[Board "34"]
[WhiteElo "1570"]
[BlackElo "1555"]
[WhiteClock "00:25:32"]
[BlackClock "01:07:16"]
[PlyCount "69"]
[WhiteFideId "16226712"]
[BlackFideId "34607293"]
[EventCountry "GER"]
[EventRounds "9"]
[EventType "swiss"]
[EventDate "2023.05.27"]

1. e4 {[%clk 01:30:58]} {[%emt 00:00:01]} e6 {[%clk 01:30:55]} {[%emt
00:00:05]} 2. d4 {[%clk 01:31:24]} {[%emt 00:00:04]} d5 {[%clk 01:31:19]}
{[%emt 00:00:05]} 3. e5 {[%clk 01:30:55]} {[%emt 00:01:00]} c5 {[%clk
01:31:15]} {[%emt 00:00:34]} 4. c3 {[%clk 01:30:10]} {[%emt 00:01:16]} Qb6
{[%clk 01:30:24]} {[%emt 00:01:20]} 5. Nf3 {[%clk 01:29:46]} {[%emt 00:00:54]}
cxd4 {[%clk 01:29:54]} {[%emt 00:01:00]} 6. cxd4 {[%clk 01:28:55]} {[%emt
00:01:21]} Bd7 {[%clk 01:28:38]} {[%emt 00:01:46]} 7. a3 {[%clk 01:15:07]}
{[%emt 00:14:19]} Bb5 {[%clk 01:22:10]} {[%emt 00:06:57]} 8. Bxb5+ {[%clk
01:15:23]} {[%emt 00:00:14]} Qxb5 {[%clk 01:22:32]} {[%emt 00:00:08]} 9. Nc3
{[%clk 01:15:50]} {[%emt 00:00:03]} Qb6 {[%clk 01:22:40]} {[%emt 00:00:22]} 10.
O-O {[%clk 01:15:31]} {[%emt 00:00:49]} Nc6 {[%clk 01:22:31]} {[%emt 00:00:38]}
11. b4 {[%clk 01:14:51]} {[%emt 00:01:12]} Nge7 {[%clk 01:22:03]} {[%emt
00:00:57]} 12. Be3 {[%clk 01:14:56]} {[%emt 00:00:25]} Nf5 {[%clk 01:22:05]}
{[%emt 00:00:28]} 13. Qd3 {[%clk 01:13:09]} {[%emt 00:02:17]} Be7 {[%clk
01:20:20]} {[%emt 00:02:14]} 14. Rac1 {[%clk 01:11:55]} {[%emt 00:01:44]} a5
{[%clk 01:19:18]} {[%emt 00:01:33]} 15. b5 {[%clk 01:10:25]} {[%emt 00:02:00]}
Na7 {[%clk 01:17:35]} {[%emt 00:02:13]} 16. a4 {[%clk 01:10:26]} {[%emt
00:00:30]} O-O {[%clk 01:17:35]} {[%emt 00:00:30]} 17. g4 {[%clk 01:09:55]}
{[%emt 00:01:01]} Nh4 {[%clk 01:17:44]} {[%emt 00:00:21]} 18. Nd2 {[%clk
00:59:04]} {[%emt 00:11:20]} f5 {[%clk 01:17:36]} {[%emt 00:00:38]} 19. exf6
{[%clk 00:47:35]} {[%emt 00:12:00]} Bxf6 {[%clk 01:12:39]} {[%emt 00:05:26]}
20. g5 {[%clk 00:47:54]} {[%emt 00:00:11]} Be7 {[%clk 01:12:50]} {[%emt
00:00:19]} 21. f4 {[%clk 00:46:54]} {[%emt 00:01:30]} Nf5 {[%clk 01:12:58]}
{[%emt 00:00:22]} 22. Nf3 {[%clk 00:46:17]} {[%emt 00:01:07]} Bd6 {[%clk
01:12:01]} {[%emt 00:01:28]} 23. Bd2 {[%clk 00:45:34]} {[%emt 00:01:12]} Rac8
{[%clk 01:11:02]} {[%emt 00:01:29]} 24. Ne2 {[%clk 00:44:23]} {[%emt 00:01:41]}
g6 {[%clk 01:06:58]} {[%emt 00:04:35]} 25. Kg2 {[%clk 00:37:21]} {[%emt
00:07:32]} Rxc1 {[%clk 01:06:16]} {[%emt 00:01:11]} 26. Rxc1 {[%clk 00:37:32]}
{[%emt 00:00:19]} Rc8 {[%clk 01:06:39]} {[%emt 00:00:07]} 27. Rxc8+ {[%clk
00:37:08]} {[%emt 00:00:54]} Nxc8 {[%clk 01:07:03]} {[%emt 00:00:07]} 28. Qc3
{[%clk 00:37:34]} {[%emt 00:00:04]} Nce7 {[%clk 01:07:15]} {[%emt 00:00:18]}
29. Qxa5 {[%clk 00:37:58]} {[%emt 00:00:06]} Qxa5 {[%clk 01:06:31]} {[%emt
00:01:14]} 30. Bxa5 {[%clk 00:38:23]} {[%emt 00:00:04]} Ne3+ {[%clk 01:06:49]}
{[%emt 00:00:12]} 31. Kg1 {[%clk 00:29:59]} {[%emt 00:08:54]} Nc4 {[%clk
01:06:52]} {[%emt 00:00:27]} 32. Bc3 {[%clk 00:29:11]} {[%emt 00:01:19]} b6
{[%clk 01:07:04]} {[%emt 00:00:18]} 33. Ne5 {[%clk 00:29:28]} {[%emt 00:00:12]}
Bxe5 {[%clk 01:07:18]} {[%emt 00:00:16]} 34. fxe5 {[%clk 00:29:54]} {[%emt
00:00:05]} Nf5 {[%clk 01:07:16]} {[%emt 00:00:31]} 35. Kf2 {[%clk 00:25:32]}
{[%emt 00:04:53]} 1/2-1/2